00926 2200313 4500001002100000005001500021035002500036007000300061008004100064020002200105040001700127082001500144084001700159100002200176245010400198250003200302260003600334300005300370504003300423650001400456700001700470850001200487090002100499090002100520041000800541999002100549990002100570990002100591INLIS00000000002875620190821115913 a0010-061700000000664ta170621t2017 yoia g 1 ind d a978-602-401-855-9 aYOPDYOGbind04223a658.81 a658.81 MAH t0 aMahrinasari M.S.10aTanggung jawab sosial perusahaan perspektif pemasaran /cMahrinasari M.S.; penyunting, Yahnu Wiguno aCetakan Pertama, April 2017 1aYogyakarta :bDeepublish,c2017 axxii, 139 halaman :bilustrasi berwarna ;c23 cm aBibliografi: halaman 107-137 4aPemasaran0 aYahnu Wiguno aYOPDYOG aDEP 658.81 MAH t aCB-D.11 2017-4030 aind aCB-D.11/2017-403 aCB-D.11/2017-403 aCB-D.11/2017-403